Aktuálne problémy a možnosti využívania alternatívnych zdrojov pri financovaní podnikateľského subjektu bakalárska práca

Gespeichert in:
Bibliographische Detailangaben
1. Verfasser: Mladošová, Tereza
Körperschaft: Národohospodárska fakulta EU. Katedra financií
Weitere Verfasser: Červeňová, Magdaléna, 1962-
Format: Buch
Sprache:Slowakisch
Veröffentlicht: Bratislava 2022
Tags: Tag hinzufügen
Keine Tags, Fügen Sie das erste Tag hinzu!

MARC

LEADER 00000nbm a2200000 4500
001 0284991
005 20221021085009.9
041 0 |a slo 
044 |a SK 
245 1 0 |a Aktuálne problémy a možnosti využívania alternatívnych zdrojov pri financovaní podnikateľského subjektu  |b bakalárska práca  |c Tereza Mladošová ; školiteľ: Magdaléna Červeňová 
264 1 |a Bratislava  |c 2022 
300 |a 48 s. 
100 1 |a Mladošová, Tereza 
700 1 |a Červeňová, Magdaléna, 1962- 
710 2 |a Národohospodárska fakulta EU. Katedra financií